[Event "BCF-ch rapidplay"]
[Site "Halifax"]
[Date "2008.11.30"]
[Round "9"]
[White "Arkell, Keith C"]
[Black "Horner, Jeff"]
[Result "1-0"]
[WhiteElo "2521"]
[BlackElo "2347"]
[PlyCount "117"]
[EventDate "2008.11.29"]
[EventType "swiss (rapid)"]
[EventRounds "11"]
[EventCountry "ENG"]
[SourceTitle "CBM 127 Extra"]
[Source "ChessBase"]
[SourceDate "2009.01.08"]
[SourceVersion "2"]
[SourceVersionDate "2009.01.28"]
[SourceQuality "1"]

1. d4 c5 2. d5 e5 3. e4 g6 4. c4 d6 5. Nc3 Bg7 6. Bd3 Nf6 7. Nge2 0-0 8. 0-0 Na6 9. a3 Bd7 10. Rb1 Nh5 11. Bd2 f5 12. f4 Qh4 13. Qe1 Qe7 14. fxe5 dxe5 15. exf5 gxf5 16. Bc2 Rae8 17. Nb5 e4 18. Nf4 Nxf4 19. Bxf4 Bxb5 20. cxb5 Nb8 21. Qg3 Qf6 22. d6 Nd7 23. Bb3+ Kh8 24. Rfd1 b6 25. Bd5 Bh6 26. Rd2 Bxf4 27. Qxf4 Ne5 28. d7 Rd8 29. Bc6 Rg8 30. Rf1 Nf3+ 31. Rxf3 exf3 32. Qxf3 Rg7 33. Qf4 Rg4 34. Qf1 Rd4 35. Re2 R8xd7 36. Bxd7 Rxd7 37. h3 Kg7 38. Qf4 Rd4 39. Qg3+ Kh6 40. Kh2 Qd6 41. Re5 Rd1 42. Qf4+ Kg7 43. Rxf5 Qxf4+ 44. Rxf4 Rd2 45. Ra4 Rxb2 46. Rxa7+ Kg6 47. a4 Rb4 48. Kg3 h5 49. Kf3 Kg5 50. Ra6 Kh4 51. Rxb6 Rxa4 52. Re6 Ra3+ 53. Re3 Ra2 54. Re4+ Kg5 55. Rc4 Ra3+ 56. Ke4 Kh4 57. Rxc5 Ra2 58. g3+ Kxh3 59. Rxh5+ 1-0

[Event "GBR-ch 95th"]
[Site "Liverpool"]
[Date "2008.08.02"]
[Round "6"]
[White "Horner, Jeff"]
[Black "Lalic, Bogdan"]
[Result "0-1"]
[WhiteElo "2372"]
[BlackElo "2533"]
[PlyCount "54"]
[EventDate "2008.07.28"]
[EventType "swiss"]
[EventRounds "11"]
[EventCountry "ENG"]
[SourceTitle "CBM 125 Extra"]
[Source "ChessBase"]
[SourceDate "2008.09.01"]
[SourceVersion "1"]
[SourceVersionDate "2008.09.01"]
[SourceQuality "1"]

1. e4 c5 2. Nf3 Nc6 3. Bb5 Nf6 4. Nc3 Qc7 5. 0-0 Nd4 6. Re1 a6 7. Bc4 Ng4 8. Bxf7+ Kxf7 9. Nd5 Qd6 10. Ng5+ Kg8 11. Qxg4 h6 12. Nf3 Nxc2 13. Rd1 Nxa1 14. d4 Qc6 15. Bf4 d6 16. Qg6 Nc2 17. Bg5 Qd7 18. dxc5 Qe6 19. Qe8 Kh7 20. Qa4 Qg6 21. Nf4 Qf7 22. cxd6 exd6 23. Qxc2 Bg4 24. e5+ Qf5 25. Qb3 Bxf3 26. Qxf3 hxg5 27. Qxb7 Rd8 0-1

[Event "GBR-ch 95th"]
[Site "Liverpool"]
[Date "2008.07.28"]
[Round "1"]
[White "Horner, Jeff"]
[Black "Conquest, Stuart"]
[Result "1/2-1/2"]
[WhiteElo "2372"]
[BlackElo "2536"]
[PlyCount "142"]
[EventDate "2008.07.28"]
[EventType "swiss"]
[EventRounds "11"]
[EventCountry "ENG"]
[SourceTitle "CBM 125 Extra"]
[Source "ChessBase"]
[SourceDate "2008.09.01"]
[SourceVersion "1"]
[SourceVersionDate "2008.09.01"]
[SourceQuality "1"]

1. e4 c5 2. Nf3 g6 3. c3 d5 4. exd5 Qxd5 5. d4 Bg7 6. Be2 cxd4 7. cxd4 Nf6 8. Nc3 Qa5 9. 0-0 0-0 10. Ne5 Nbd7 11. Nc4 Qd8 12. Qb3 Nb6 13. Nxb6 Qxb6 14. Qxb6 axb6 15. Rd1 Bg4 16. Bxg4 Nxg4 17. h3 Nf6 18. Bf4 Rfc8 19. Rac1 h5 20. a3 Rc4 21. Nb5 Rc6 22. d5 Rxc1 23. Bxc1 Rd8 24. Nc3 Ne8 25. Be3 b5 26. Bc5 Nd6 27. Bxd6 exd6 28. Rd3 Rc8 29. Kf1 Rc5 30. Ke2 Kf8 31. Kd2 Ke7 32. g3 Kd7 33. Ne4 Rc4 34. Nc3 b4 35. axb4 Rxb4 36. Kc2 Rc4 37. Rf3 f5 38. Re3 Be5 39. f4 Bxc3 40. bxc3 h4 41. Rf3 Kc7 42. Kb3 b5 43. gxh4 Kb6 44. Rg3 Kc5 45. Rxg6 Rxf4 46. h5 Kxd5 47. Rg8 Rh4 48. Rh8 f4 49. h6 f3 50. h7 Rxh3 51. Rf8 Rxh7 52. Rxf3 Rh4 53. Rf5+ Kc6 54. Rg5 Rc4 55. Rh5 Rc5 56. Rh4 Rg5 57. Rf4 Kc5 58. Rh4 d5 59. Rf4 Rg1 60. Rh4 Rb1+ 61. Kc2 Re1 62. Kb3 Kd6 63. Rh5 Rg1 64. Rh6+ Kc5 65. Rh4 Rf1 66. Rg4 Kd6 67. Rg6+ Ke5 68. Rb6 Ke4 69. Kc2 Rf2+ 70. Kb3 Rf3 71. Kc2 Rf2+ 1/2-1/2

[Event "Monarch Assurance 16th"]
[Site "Port Erin"]
[Date "2007.09.30"]
[Round "9"]
[White "Horner, Jeff"]
[Black "Abergel, Thal"]
[Result "0-1"]
[WhiteElo "2344"]
[BlackElo "2512"]
[PlyCount "82"]
[EventDate "2007.09.22"]
[EventType "swiss"]
[EventRounds "9"]
[EventCountry "IOM"]
[SourceTitle "CBM 120 Extra"]
[Source "ChessBase"]
[SourceDate "2007.11.01"]
[SourceVersion "1"]
[SourceVersionDate "2007.11.01"]
[SourceQuality "1"]

1. e4 c5 2. Nf3 d6 3. Bb5+ Nc6 4. 0-0 Bd7 5. Re1 Nf6 6. c3 a6 7. Ba4 b5 8. Bc2 Bg4 9. h3 Bh5 10. d3 e6 11. Nbd2 Be7 12. Nf1 Ne5 13. N1h2 0-0 14. Bf4 Nxf3+ 15. Nxf3 e5 16. Bh2 Rc8 17. Kh1 Qd7 18. Qe2 Qe6 19. Rg1 Nd7 20. g4 Bg6 21. c4 Nb8 22. Bb3 Qd7 23. cxb5 axb5 24. a4 bxa4 25. Bxa4 Qb7 26. b3 d5 27. Rge1 f6 28. Nh4 Bf7 29. Nf5 Rfd8 30. Nxe7+ Qxe7 31. f4 dxe4 32. dxe4 exf4 33. Bxf4 Nc6 34. Bxc6 Rxc6 35. Qe3 Rb6 36. Rac1 Rd4 37. Rc3 Rbb4 38. Qg3 Rxe4 39. Rf1 Bd5 40. Kh2 Re2+ 41. Rf2 Qe4 0-1

[Event "Blackpool op 31st"]
[Site "Blackpool"]
[Date "2007.03.18"]
[Round "4"]
[White "Addison, Bret"]
[Black "Horner, Jeff"]
[Result "0-1"]
[WhiteElo "2247"]
[BlackElo "2339"]
[PlyCount "104"]
[EventDate "2007.03.16"]
[EventType "swiss"]
[EventRounds "5"]
[EventCountry "ENG"]
[SourceTitle "CBM 117 Extra"]
[Source "ChessBase"]
[SourceDate "2007.05.09"]
[SourceVersion "1"]
[SourceVersionDate "2007.05.09"]
[SourceQuality "1"]

1. d4 d5 2. c4 Nc6 3. Nc3 Nf6 4. cxd5 Nxd5 5. e4 Nxc3 6. bxc3 e5 7. d5 Nb8 8. Nf3 Bd6 9. Be2 0-0 10. 0-0 Nd7 11. Be3 Qe7 12. Nd2 Nc5 13. Bg4 Qh4 14. Bxc8 Raxc8 15. Bxc5 Bxc5 16. Nb3 Bd6 17. Qd3 f5 18. c4 fxe4 19. Qe3 b6 20. g3 Qg4 21. Nd2 Rf4 22. h3 Qg6 23. Kh1 Bc5 24. Qe2 Rxf2 25. Rxf2 e3 26. Rg2 exd2 27. Qxd2 Rf8 28. Qe2 Qf5 29. Qg4 Qxg4 30. hxg4 Rf3 31. Rc1 Kf7 32. Re2 Rxg3 33. Rxe5 Rxg4 34. Re6 Rf4 35. Rc6 Bd6 36. c5 bxc5 37. Ra6 g5 38. Rxa7 h5 39. a4 h4 40. a5 g4 41. a6 Ra4 42. Ra8 h3 43. Rh8 Rxa6 44. Rh4 Ra4 45. Rg1 h2 46. Rf1+ Kg6 47. Rc1 Kg5 48. Rxh2 Bxh2 49. Kxh2 c4 50. Re1 c3 51. Rc1 Rc4 52. Rc2 Kf4 0-1

[Event "Blackpool op 31st"]
[Site "Blackpool"]
[Date "2007.03.18"]
[Round "5"]
[White "Horner, Jeff"]
[Black "Borchgrevink, Harald"]
[Result "0-1"]
[WhiteElo "2339"]
[BlackElo "2297"]
[PlyCount "102"]
[EventDate "2007.03.16"]
[EventType "swiss"]
[EventRounds "5"]
[EventCountry "ENG"]
[SourceTitle "CBM 117 Extra"]
[Source "ChessBase"]
[SourceDate "2007.05.09"]
[SourceVersion "1"]
[SourceVersionDate "2007.05.09"]
[SourceQuality "1"]

1. e4 c5 2. Nf3 Nc6 3. Bb5 g6 4. 0-0 Bg7 5. Re1 e5 6. d3 Nge7 7. Bg5 h6 8. Bxe7 Nxe7 9. Nc3 0-0 10. Bc4 d6 11. Nd2 Kh7 12. Nd5 Nc6 13. a3 f5 14. exf5 gxf5 15. f4 Rb8 16. c3 b5 17. Ba2 Ne7 18. Nf3 Ng6 19. h4 Nxh4 20. Nxh4 Qxh4 21. Qd2 a5 22. Rf1 Bd7 23. Rf3 exf4 24. Nxf4 Rbe8 25. Raf1 b4 26. Rh3 Qg5 27. Rff3 bxc3 28. bxc3 Be5 29. Bd5 Bxf4 30. Rxf4 Re5 31. c4 Rfe8 32. Qf2 Rf8 33. Rg3 Qf6 34. Kh2 Be6 35. Bxe6 Qxe6 36. Qf3 Qf7 37. Rh3 Rg8 38. Qf2 Rg6 39. Rhf3 Rg5 40. Rh3 Qe6 41. Rfh4 Rg6 42. Rg3 Rxg3 43. Qxg3 Re3 44. Qf4 Rxd3 45. Qf2 Qe5+ 46. g3 Re3 47. Kh3 Rxa3 48. Rf4 Kg6 49. Qd2 Re3 50. Qf2 a4 51. Rh4 a3 0-1

[Event "Blackpool op 31st"]
[Site "Blackpool"]
[Date "2007.03.17"]
[Round "3"]
[White "Horner, Jeff"]
[Black "Wolstencroft, Darryl"]
[Result "1-0"]
[WhiteElo "2339"]
[BlackElo "2170"]
[PlyCount "77"]
[EventDate "2007.03.16"]
[EventType "swiss"]
[EventRounds "5"]
[EventCountry "ENG"]
[SourceTitle "CBM 117 Extra"]
[Source "ChessBase"]
[SourceDate "2007.05.09"]
[SourceVersion "1"]
[SourceVersionDate "2007.05.09"]
[SourceQuality "1"]

1. e4 e6 2. d4 d5 3. e5 b6 4. Nf3 Qd7 5. c3 Ne7 6. Bd3 Ba6 7. Bxa6 Nxa6 8. Qe2 Nb8 9. 0-0 c5 10. Na3 Nbc6 11. Nc2 Rc8 12. Bf4 Ng6 13. Bg3 Be7 14. Rad1 h5 15. h3 cxd4 16. Nfxd4 Nxd4 17. Rxd4 Bc5 18. Rd3 h4 19. Bh2 b5 20. Qg4 Kf8 21. Ne1 Bb6 22. Qe2 Ne7 23. Kh1 Nf5 24. Nf3 Qe7 25. Bf4 Rc4 26. Bg5 f6 27. exf6 gxf6 28. Bc1 Re4 29. Qd1 Rg8 30. Nd4 Nxd4 31. Bh6+ Ke8 32. cxd4 Bc7 33. Qh5+ Qf7 34. Qf3 Qg6 35. Be3 Bb6 36. Rg1 e5 37. dxe5 d4 38. exf6 Rh8 39. Qd1 1-0

[Event "Blackpool Ron Banwell Masters"]
[Site "Blackpool"]
[Date "2003.08.09"]
[Round "9"]
[White "Crouch, Colin S"]
[Black "Horner, Jeff"]
[Result "1-0"]
[WhiteElo "2392"]
[BlackElo "2354"]
[PlyCount "148"]
[EventDate "2003.08.04"]
[EventType "tourn"]
[EventRounds "9"]
[EventCountry "ENG"]
[EventCategory "2"]
[SourceTitle "CBM 095 Extra"]
[Source "ChessBase"]
[SourceDate "2003.09.04"]
[SourceVersion "1"]
[SourceVersionDate "2003.09.04"]
[SourceQuality "1"]

1. d4 Nf6 2. c4 d6 3. Nc3 Nbd7 4. Nf3 e5 5. g3 Be7 6. Bg2 0-0 7. 0-0 Re8 8. Qc2 c6 9. Rd1 Bf8 10. e3 Rb8 11. b3 b5 12. dxe5 dxe5 13. cxb5 cxb5 14. Bb2 Bb7 15. Rac1 Qb6 16. Ng5 Bxg2 17. Kxg2 h6 18. Rxd7 hxg5 19. Nd5 Nxd5 20. Rxd5 Qa6 21. Qc6 Qxa2 22. Bxe5 Rbc8 23. Qxc8 Rxc8 24. Rxc8 Qxb3 25. Rdd8 Kh7 26. Bd4 Be7 27. Rd7 Bf6 28. Bxf6 gxf6 29. Rcc7 Kg6 30. Rxa7 g4 31. Rd4 f5 32. h4 gxh3+ 33. Kxh3 Qc2 34. Ra6+ Kg7 35. Kg2 Qc7 36. Ra2 Qc6+ 37. Kh2 Qc3 38. Ra7 Qc2 39. Rf4 Qc5 40. Rd7 Kg6 41. Rdd4 Qc2 42. Rb4 Qe2 43. Rb3 Kg5 44. Kg2 Qc2 45. Rfb4 Qc6+ 46. Kh2 Qh6+ 47. Kg1 Qc6 48. Rxb5 Kg4 49. R3b4+ Kf3 50. Rxf5+ Ke2 51. Rb2+ Kd3 52. Rfb5 Qa8 53. R5b3+ Ke4 54. Rb4+ Kd3 55. Rd4+ Kc3 56. Rb5 Qa7 57. Rf5 Qa1+ 58. Kh2 Qa7 59. Rdf4 Kd2 60. Rxf7 Qa8 61. e4 Ke2 62. Kg2 Qa1 63. Rb7 Qf1+ 64. Kh2 Qa1 65. Rb3 Kf1 66. Rbf3 Qe5 67. Rh4 Qe6 68. Rff4 Qe5 69. Kh3 Qe6+ 70. Rf5 Kg1 71. Rhf4 Qh6+ 72. Kg4 Qg6+ 73. Kf3 Kf1 74. Ra5 Ke1 1-0

[Event "Blackpool Ron Banwell Masters"]
[Site "Blackpool"]
[Date "2003.08.04"]
[Round "1"]
[White "Sundararajan, Kidambi"]
[Black "Horner, Jeff"]
[Result "1-0"]
[WhiteElo "2442"]
[BlackElo "2354"]
[PlyCount "85"]
[EventDate "2003.08.04"]
[EventType "tourn"]
[EventRounds "9"]
[EventCountry "ENG"]
[EventCategory "2"]
[SourceTitle "CBM 095 Extra"]
[Source "ChessBase"]
[SourceDate "2003.09.04"]
[SourceVersion "1"]
[SourceVersionDate "2003.09.04"]
[SourceQuality "1"]

1. d4 c5 2. d5 e5 3. e4 g6 4. Nf3 d6 5. Bb5+ Nd7 6. a4 Bg7 7. Nbd2 Ngf6 8. c3 0-0 9. 0-0 Qe7 10. Re1 Ne8 11. b4 cxb4 12. cxb4 f5 13. Ra3 Nc7 14. Bc4 f4 15. Be2 a5 16. b5 Nc5 17. Rc3 b6 18. Rxc5 bxc5 19. Nc4 g5 20. Nfd2 Ne8 21. Nb6 Rb8 22. Nxc8 Rxc8 23. Bg4 Ra8 24. Nc4 Nf6 25. Be6+ Kh8 26. Bd2 h5 27. Bxa5 g4 28. Bd2 Nh7 29. a5 Ng5 30. Bf5 f3 31. Bxg5 Qxg5 32. b6 fxg2 33. b7 Ra7 34. Qb3 Rb8 35. Bc8 Qe7 36. Qb6 Raxb7 37. Bxb7 Rxb7 38. Qxd6 Qxd6 39. Nxd6 Ra7 40. Nc4 Ra6 41. Rb1 Kg8 42. Kxg2 Ra7 43. Rb6 1-0

[Event "4NCL 9495 2nd Season"]
[Site "England"]
[Date "1995.05.20"]
[Round "11.1"]
[White "Horner, Jeff"]
[Black "Ledger, Andrew"]
[Result "1-0"]
[WhiteElo "2350"]
[BlackElo "2410"]
[PlyCount "93"]
[EventDate "1994.10.01"]
[EventType "team-tourn"]
[EventRounds "11"]
[EventCountry "GBR"]
[SourceTitle "EXT 2022"]
[Source "ChessBase"]
[SourceDate "2021.10.06"]
[SourceVersion "1"]
[SourceVersionDate "2021.10.06"]
[SourceQuality "1"]
[WhiteTeam "North West Eagles"]
[BlackTeam "Midland Monarchs"]
[WhiteTeamCountry "ENG"]
[BlackTeamCountry "ENG"]

1. e4 c6 2. Nc3 d5 3. Nf3 Bg4 4. h3 Bxf3 5. Qxf3 Nf6 6. d3 e6 7. a3 Be7 8. g3 0-0 9. Bg2 Nbd7 10. 0-0 b5 11. Qe2 a5 12. a4 b4 13. Nb1 Nb6 14. Nd2 c5 15. Nf3 Rc8 16. e5 Nfd7 17. h4 Qc7 18. Re1 Qc6 19. b3 f5 20. Bf4 Nb8 21. Qd2 Qd7 22. c4 bxc3 23. Qxc3 Nc6 24. Rec1 d4 25. Qd2 Nd5 26. Ne1 Rb8 27. Rab1 Rb6 28. Nc2 Nc3 29. Na3 Nxb1 30. Rxb1 Rfb8 31. Nb5 Nb4 32. h5 Rxb5 33. axb5 Qxb5 34. Rd1 Rd8 35. h6 g6 36. g4 Nd5 37. Bg5 Qe8 38. Ra1 fxg4 39. Rxa5 Rb8 40. Bxd5 exd5 41. Ra7 Bf8 42. Qf4 Rb6 43. e6 Rxe6 44. Qc7 Be7 45. Bxe7 g3 46. Qd8 Qxd8 47. Bxd8 1-0

[Event "BCF-chT 9394 (4NCL) 1st"]
[Site "England"]
[Date "1993.10.03"]
[Round "2.2"]
[White "Horner, Jeff"]
[Black "Morris, Philip"]
[Result "1-0"]
[WhiteElo "2355"]
[BlackElo "2380"]
[PlyCount "63"]
[EventDate "1993.10.02"]
[EventType "team-tourn"]
[EventRounds "10"]
[EventCountry "ENG"]
[SourceTitle "EXT 2019"]
[Source "ChessBase"]
[SourceDate "2018.10.10"]
[SourceVersion "1"]
[SourceVersionDate "2018.10.10"]
[SourceQuality "1"]
[WhiteTeam "North West Eagles"]
[BlackTeam "Invicta Knights Maidstone"]
[WhiteTeamCountry "ENG"]
[BlackTeamCountry "ENG"]

1. e4 e5 2. Nf3 Nc6 3. Bb5 a6 4. Ba4 Nf6 5. Qe2 b5 6. Bb3 Bc5 7. c3 0-0 8. 0-0 d5 9. d3 dxe4 10. dxe4 Qe7 11. Bd5 Bb7 12. Bg5 Nd8 13. Bxb7 Nxb7 14. Nbd2 h6 15. Bh4 Qe6 16. Bg3 Nd7 17. Ne1 Nd6 18. Nd3 Bb6 19. Kh1 c6 20. f4 exf4 21. Nxf4 Qe7 22. Nd3 Rae8 23. Rae1 Nc5 24. e5 Qe6 25. Nf4 Qxa2 26. Qg4 Ndb7 27. Nh5 Ne6 28. Ne4 Kh8 29. Nhf6 Rd8 30. Qf5 g6 31. Qh3 Kg7 32. Ng4 1-0

[Event "London Chequers"]
[Site "London"]
[Date "1985.??.??"]
[Round "2"]
[White "Horner, Jeff"]
[Black "Carton, Patrick"]
[Result "1-0"]
[WhiteElo "2385"]
[BlackElo "2300"]
[PlyCount "47"]
[EventDate "1985.??.??"]
[EventType "tourn"]
[EventRounds "10"]
[EventCountry "ENG"]
[EventCategory "6"]
[SourceTitle "EXT 2018"]
[Source "ChessBase"]
[SourceDate "2017.10.13"]
[SourceVersion "1"]
[SourceVersionDate "2017.10.13"]
[SourceQuality "1"]

1. e4 c6 2. Nc3 d5 3. Nf3 g6 4. d4 Bg7 5. h3 dxe4 6. Nxe4 Nd7 7. Bc4 Ngf6 8. Qe2 0-0 9. 0-0 Nxe4 10. Qxe4 Nf6 11. Qh4 Bf5 12. Bb3 Be4 13. Ng5 Bd5 14. c4 h6 15. cxd5 hxg5 16. Bxg5 cxd5 17. Rfe1 Qd7 18. Re5 Rfe8 19. Rae1 Rad8 20. R1e3 b6 21. Bh6 Bxh6 22. Qxh6 Qd6 23. Rg3 Ne4 24. Rxe4 1-0

[Event "London Chequers"]
[Site "London"]
[Date "1985.??.??"]
[Round "1"]
[White "Horner, Jeff"]
[Black "Condie, Mark L"]
[Result "0-1"]
[WhiteElo "2385"]
[BlackElo "2380"]
[PlyCount "132"]
[EventDate "1985.??.??"]
[EventType "tourn"]
[EventRounds "10"]
[EventCountry "ENG"]
[EventCategory "6"]
[SourceTitle "EXT 2018"]
[Source "ChessBase"]
[SourceDate "2017.10.13"]
[SourceVersion "1"]
[SourceVersionDate "2017.10.13"]
[SourceQuality "1"]

1. e4 e5 2. Nf3 Nf6 3. d4 Nxe4 4. Bd3 d5 5. Nxe5 Bd6 6. 0-0 0-0 7. c4 Bxe5 8. dxe5 Nc6 9. f4 Nb4 10. cxd5 Qxd5 11. Bxe4 Qxe4 12. Nc3 Qg6 13. Be3 Bg4 14. Qb3 Nc2 15. Nd5 Qe4 16. Rac1 Nxe3 17. Nxe3 Be6 18. Qa3 Rfd8 19. Rcd1 Rxd1 20. Rxd1 Qxf4 21. Qxa7 Re8 22. Nf1 Qxe5 23. Qxb7 Qc5+ 24. Kh1 Bxa2 25. h3 h6 26. Ng3 Be6 27. Ne4 Qe5 28. Nc3 c5 29. Qf3 Rb8 30. Qf2 Rb4 31. Re1 Qd4 32. Qc2 Rb8 33. Rd1 Qb4 34. Nd5 Qb3 35. Qxb3 Rxb3 36. Rd2 Rb7 37. Nc3 Kf8 38. Ne4 c4 39. Kg1 Ke7 40. Kf2 Rd7 41. Ke3 Rc7 42. Kd4 Rc8 43. Re2 Rd8+ 44. Kc5 f5 45. Nc3 Kf6 46. Nb5 g5 47. Nd6 h5 48. Nb7 Rd5+ 49. Kc6 Re5 50. Rd2 f4 51. Nc5 g4 52. hxg4 hxg4 53. Kd6 Kf5 54. Nxe6 Rxe6+ 55. Kd5 Re4 56. Rf2 g3 57. Rd2 f3 58. gxf3 Rh4 59. Re2 Rh2 60. Re8 Rxb2 61. Rf8+ Kg5 62. Kxc4 g2 63. f4+ Kg6 64. Rg8+ Kf5 65. Rf8+ Ke4 66. Rg8 Kxf4 0-1

[Event "British CF-70 Championship"]
[Site "Southport/ Merseyside"]
[Date "1983.08.16"]
[Round "8"]
[White "Horner, Jeff"]
[Black "Bradbury, Neil H"]
[Result "1-0"]
[WhiteElo "2380"]
[BlackElo "2305"]
[PlyCount "79"]
[EventDate "1983.08.08"]
[EventType "swiss"]
[EventRounds "11"]
[EventCountry "ENG"]
[SourceTitle "EXT 1999"]
[Source "ChessBase"]
[SourceDate "1998.11.16"]
[SourceVersion "1"]
[SourceVersionDate "1998.11.16"]
[SourceQuality "1"]

1. e4 e5 2. Nf3 Nc6 3. Bb5 a6 4. Ba4 Nf6 5. d3 d6 6. c3 b5 7. Bc2 Be7 8. Nbd2 0-0 9. Qe2 Re8 10. Nf1 Bf8 11. Ng3 g6 12. 0-0 Bg7 13. a4 Bd7 14. h3 h6 15. Be3 Qe7 16. Qd2 Kh7 17. b4 Reb8 18. a5 Nd8 19. d4 Nb7 20. Rad1 Rd8 21. Bb3 Rac8 22. Qa2 Be8 23. Rfe1 exd4 24. Nxd4 c5 25. Nf3 c4 26. Bc2 Bc6 27. Qb1 Re8 28. Bd4 Qc7 29. Qc1 Nd8 30. e5 dxe5 31. Bxe5 Qb7 32. Nh4 Re6 33. Bd4 Bd7 34. Qb1 Be8 35. Bf5 gxf5 36. Qxf5+ Kg8 37. Bxf6 Bd7 38. Rxe6 Nxe6 39. Bxg7 Kxg7 40. Nh5+ 1-0

[Event "British CF-70 Championship"]
[Site "Southport/ Merseyside"]
[Date "1983.08.13"]
[Round "6"]
[White "Horner, Jeff"]
[Black "Speelman, Jonathan S"]
[Result "1/2-1/2"]
[WhiteElo "2380"]
[BlackElo "2570"]
[PlyCount "116"]
[EventDate "1983.08.08"]
[EventType "swiss"]
[EventRounds "11"]
[EventCountry "ENG"]
[SourceTitle "EXT 1999"]
[Source "ChessBase"]
[SourceDate "1998.11.16"]
[SourceVersion "1"]
[SourceVersionDate "1998.11.16"]
[SourceQuality "1"]

1. e4 c5 2. Nf3 d6 3. c3 Nf6 4. Bd3 Bg4 5. h3 Bh5 6. Bc2 Nc6 7. d3 e6 8. Nbd2 a6 9. 0-0 Be7 10. Qe1 Rc8 11. Nh2 g5 12. Nc4 b5 13. Ne3 Bg6 14. a4 d5 15. axb5 axb5 16. Nhg4 d4 17. Nf5 exf5 18. exf5 Kf8 19. Nxf6 Bxf6 20. fxg6 hxg6 21. Ra6 Kg7 22. Bd2 dxc3 23. bxc3 b4 24. Ba4 bxc3 25. Bxc3 Bxc3 26. Qxc3+ Nd4 27. Bd1 Qd5 28. Ra7 Ra8 29. Rc7 Rhc8 30. Rxc8 Rxc8 31. Re1 Rb8 32. Qc1 Rb6 33. Qa1 Qf5 34. Re3 Qf6 35. Qc1 Rb2 36. Qxb2 Nf3+ 37. Bxf3 Qxb2 38. Bd5 Qc1+ 39. Kh2 Qd2 40. Bc4 f5 41. Kg1 g4 42. hxg4 Qd1+ 43. Kh2 Qxg4 44. Re7+ Kf8 45. Re6 g5 46. Kg1 Qd4 47. Kf1 Qa1+ 48. Re1 Qh8 49. Kg1 Qd4 50. Kf1 Qh8 51. Kg1 Qc3 52. Kf1 Kg7 53. Re6 Qb2 54. Re2 Qd4 55. Re6 Qc3 56. Re7+ Kg6 57. Re6+ Kg7 58. Re7+ Kg6 1/2-1/2